Využívanie obnoviteľných zdrojov energie na Slovensku

Použiteľný potenciál obnoviteľných zdrojov energie. Charakteristika obnoviteľných zdrojov energie. Biomasa a technicky využiteľný potenciál biomasy. Lesná biomasa. Slovensko a využívanie obnoviteľných zdrojov energie. Podpora týchto zdrojov energie Európanmi.

Saved in:
Bibliographic Details
Main Author: Urblíková, Daniela
Format: Book Chapter
Language:Slovak
Subjects:
Tags: Add Tag
No Tags, Be the first to tag this record!

MARC

LEADER 00000naa$a2200000$$$4500
001 0082737
005 20240502071929.2
041 0 |a slo 
044 |a SK 
245 1 0 |a Využívanie obnoviteľných zdrojov energie na Slovensku  |c Daniela Urblíková 
520 |a Použiteľný potenciál obnoviteľných zdrojov energie. Charakteristika obnoviteľných zdrojov energie. Biomasa a technicky využiteľný potenciál biomasy. Lesná biomasa. Slovensko a využívanie obnoviteľných zdrojov energie. Podpora týchto zdrojov energie Európanmi. 
610 2 0 |a zdroje energie obnoviteľné 
610 2 0 |a Slovensko 
610 2 0 |a rozvoj trvalo udržateľný 
610 2 0 |a biomasa 
100 1 |a Urblíková, Daniela